|
|
|
|
| LEADER |
00000ckm a2200000 a 4500 |
| 001 |
vtls001232954 |
| 003 |
SK-MaSNL |
| 005 |
20260331203828.0 |
| 007 |
kf co |
| 008 |
160211s1987 xo g 0kuslo |
| 015 |
|
|
|a SNBG1987
|
| 035 |
|
|
|a SNK000179962
|
| 040 |
|
|
|a SNK
|b slo
|c SNK
|e AACR2
|
| 041 |
0 |
|
|a slo
|
| 043 |
|
|
|a e-xo---
|
| 044 |
|
|
|a xo
|c SK
|
| 072 |
|
7 |
|a 913
|x Regionálna geografia
|2 konspekt
|
| 080 |
|
|
|a 913.437.672(084.121)
|2 1981
|
| 080 |
|
|
|a 913(437.6)
|2 2011
|
| 080 |
|
|
|a (084.121)
|2 2011
|
| 100 |
1 |
|
|a Jiroušek, Alexander,
|d 1934-2021
|4 pht
|9 223957
|
| 245 |
1 |
0 |
|a Bardejovské kúpele
|h grafika
|b Ľudový prameň : Kolonáda : Liečebný dom Ozón : Kúpeľný dom
|c foto: A. Jiroušek, P. Holent, F. Vrbovský ; výtvarný návrh: K. Izakovič
|
| 246 |
1 |
|
|i Názov na obrazovej časti:
|a Bardejovské Kúpele
|
| 260 |
|
|
|a Bratislava
|b ČSTK-Pressfoto
|c 1987
|e Skalica
|f Grafobal
|
| 300 |
|
|
|a 1 pohľadnica (4 čiastkové pohľady)
|b farebná
|c 11 x 15 cm
|
| 520 |
8 |
|
|a Zobrazenie:
|
| 651 |
|
7 |
|a Bardejovské Kúpele (Bardejov, Slovensko)
|2 SNKPHgeo
|9 187552
|
| 655 |
|
7 |
|a miestne pohľadnice
|2 SNKPH
|9 70510
|
| 700 |
1 |
|
|a Holent, Peter,
|d 1956-
|4 pht
|9 174100
|
| 700 |
1 |
|
|a Vrbovský, František
|c (fotograf)
|4 pht
|9 283300
|
| 700 |
1 |
|
|a Izakovič, K.
|c (grafik)
|4 art
|9 179239
|
| 958 |
|
|
|a GBN
|
| 958 |
|
|
|a GC
|
| 958 |
|
|
|a OND
|
| 999 |
|
|
|c 911721
|d 913651
|
| 952 |
|
|
|a SNK
|b SNK
|y PREZ
|7 0
|p 17A1282659
|o snkSP 138124
|i snk1445/87
|0 0
|1 0
|4 0
|d 2021-08-16
|l 0
|r 2026-02-24 07:46:32
|w 2026-02-24
|
| 952 |
|
|
|a SNK
|b SNK
|y PREZ
|7 0
|p 17A1282660
|o snkSP 138124 D1
|i snk1446/87
|0 0
|1 0
|4 0
|d 2021-08-16
|l 0
|r 2026-02-24 07:46:32
|w 2026-02-24
|